African Countries eating the Most Pork - Statistics

General Stats
  • This quiz has been taken 94 times
  • The average score is 6 of 10
Answer Stats
kg Country % Correct
4.19 South Africa
100%
7.50 Angola
89%
4.37 Namibia
78%
4.47 Mozambique
76%
6.12 Republic of the Congo
75%
4.41 Lesotho
67%
10.11 Malawi
55%
4.75 Liberia
42%
3.93 Sao Tome and Principe
32%
9.88 Guinea-Bissau
24%
No matching quizzes found
Score Distribution
Percent of People with Each Score
Percentile by Number Answered
Your Score History
You have not taken this quiz